000 00745cam a22002414a 4500
999 _c531638
_d531638
001 13446075
003 NUST
005 20191022152003.0
008 031230s2005 njua b 001 0 eng
010 _a 2003070741
020 _a0130496650
040 _aDLC
_cDLC
_dDLC
082 0 0 _a692.5
_bHOL
100 _aHolm, Len
_913059
245 0 0 _aConstruction Cost Estimating :
_bProcess and Practices /
_cLen Holm ... [et al.].
260 _aUpper Saddle River, N.J. :
_bPearson/Prentice Hall,
_cc2005.
300 _axi, 354 p. :
_bill. ;
_c25 cm.
500 _aIncludes 10 folded plans.
504 _aIncludes bibliographical references and index.
650 0 _aBuilding
_xEstimates.
_97436
700 1 _aHolm, Len.
_913059
942 _2ddc
_cBK